00942cam a2200265 i 4500001000300000003000900003005001700012008003900029015001700068020001600085020001600101040003500117080001000152080001200162245013600174250002000310260004800330300003300378504002200411655003000433650003400463710003400497700004700531856009800578bgKOSZ 00520200408130726.0060420s2002 pl a f f |000 0 pol aPB 6677/2002 a830114291X  a8301142936  cKOSZ 005/HRaWA NdKOSZ 005/HR a519.2 a(075.8)00aRachunek prawdopodobieństwa i statystyka matematyczna w zadaniach.nCz.1,pRachunek prawdopodobieństwa /cW. Krysicki [et al.]. aWyd. 9, 3 dodr. aWarszawa :bWydawnictwo Naukowe PWN,c2002. a255, [1] s. :bil. ;c24 cm. aBibliogr. Indeks. 4aPodręczniki akademickie 4aRachunek prawdopodobieństwa2 aWydawnictwo Naukowe PWN4pbl.1 aKrysicki, Włodzimierzd(1905-2001)eAutor uhttp://koha.tu.koszalin.pl/cgi-bin/koha/opac-detail.pl?biblionumber=51608yKatalog online BPK